Histoire littéraire du sentiment réligiéux en France depuis la fin des guerres de réligion jusqu'a nos jours / (Record no. 35940)

MARC details
000 -LEADER
campo de control de longitud fija 01206nam a2200181 i 4500
001 - NÚMERO DE CONTROL
campo de control 35940
003 - IDENTIFICADOR DE NÚMERO DE CONTROL
campo de control ES-MaACL
005 - FECHA Y HORA DE LA ÚLTIMA TRANSACCIÓN
campo de control 20230906155242.0
007 - CAMPO FIJO DE DESCRIPCIÓN FÍSICA--INFORMACIÓN GENERAL
campo de control de longitud fija t|
008 - DATOS DE LONGITUD FIJA--INFORMACIÓN GENERAL
campo de control de longitud fija 030214s1929 fr ||||1| fre d
100 1# - ENTRADA PRINCIPAL--NOMBRE DE PERSONA
Nombre de persona Bremond, Henri.
9 (RLIN) 31573
245 10 - MENCIÓN DEL TÍTULO
Título Histoire littéraire du sentiment réligiéux en France depuis la fin des guerres de réligion jusqu'a nos jours /
Mención de responsabilidad, etc. par Henri Bremond.
260 ## - PUBLICACIÓN, DISTRIBUCIÓN, ETC.
Lugar de publicación, distribución, etc. Paris :
Nombre del editor, distribuidor, etc. Bloud et Gay,
Fecha de publicación, distribución, etc. 1929 (
Fabricante Imp. Ch., Hérissey)
300 ## - DESCRIPCIÓN FÍSICA
Extensión 11 v.. ;
Dimensiones 24 cm.
505 8# - NOTA DE CONTENIDO CON FORMATO
Nota de contenido con formato Contiene: T. I: L'humanisme devol : (1580-1660). -- T. II: L'invasion mystique : (1590-1620). -- T: III: La couquete mystique : L'ecole français. -- T. IV: La couquete mystique : l'ecole de Port Royal. -- T. V: La couquete mystique : l'ecole du Pere Lallemant et la tradition mystyque dans la Compagnie de Jésus. -- T. VI: La couquete mystique : la couquete mystique mané de l'incarnation. Jurba Magna. -- T. VII-VIII: La metaphysique des Saints. -- T. IX: La vie chretieme sous l'ancien régime. -- T. X: La priere et les prieres de l'ancien régime. -- T. XI: Le procés des mystiques
650 #4 - PUNTO DE ACCESO ADICIONAL DE MATERIA--TÉRMINO DE MATERIA
Término de materia o nombre geográfico como elemento de entrada Literatura religiosa francesa-
Subdivisión general Historia y crítica.
9 (RLIN) 164231
852 ## - LOCALIZACIÓN
Ubicación ES-MaACL
Número de control de estantería A-1476-86
Holdings
Estatus retirado Estado de pérdida Estado de daño No para préstamo Biblioteca de origen Biblioteca actual Ubicación en estantería Fecha de adquisición Fuente de adquisición Total de préstamos Signatura topográfica completa Código de barras Visto por última vez Precio de reemplazo Tipo de ítem Koha
        Biblioteca del Ateneo de Madrid Biblioteca del Ateneo de Madrid Sala Pecera Planta 1 17/01/2008     A-1476-86 1037675 23/02/2023 23/02/2023 Libro impreso